| 000 | 00393nam a2200169Ia 4500 | ||
|---|---|---|---|
| 005 | 20250423095216.0 | ||
| 008 | 250422s9999 xx 000 0 und d | ||
| 020 | _a1-56032-767-7 | ||
| 050 | _aHD 9502 .A2 S3975/ | ||
| 100 | _aSchobert, Harold H. | ||
| 245 | 0 | _aEnergy and society | |
| 260 | _aNew York | ||
| 260 | _bTaylor & Francis | ||
| 260 | _c2002 | ||
| 300 | _a656 p | ||
| 942 | _cBK | ||
| 999 |
_c29575 _d29575 |
||